000 00298nam a22001217a 4500
008 170925b xxu||||| |||| 00| 0 eng d
041 _aeng
080 _a37
100 _a46
101 _aEDU
245 _aMANAGING ADJUNCT & PART-TIME FACULTY FOR THE NEW MILLENNIUM
_cGREIVE,D.E
942 _2udc
_cBK
999 _c29721
_d29721